Equipos de Didier Drogba - Estadísticas

Estadísticas generales
  • Esta prueba ha sido intentada 21 veces
  • La puntuación promedio es 4 de 9
Estadísticas de respuestas
Años Equipos % Correcto
2004–2012 Chelsea FC
100%
2014–2015 Chelsea FC
100%
2013–2014 Galatasaray SK
75%
2003–2004 Olympique de Marsella
50%
2015–2016 CF Montréal
20%
2002–2003 En Avant de Guingamp
10%
2012–2013 Shanghai Shenhua
10%
1998–2002 Le Mans FC
5%
2017–2018 Phoenix Rising
5%
No se encontraron pruebas coincidentes
Distribución de puntuación
Porcentaje de gente con cada puntuación
Porcentaje por número respondido
Historial de tus puntuaciones
No has intentado esta prueba.